Library Banner

Clinician's guide to research methods in family therapy (Record no. 84650)

MARC details
000 -LEADER
fixed length control field 00644nam a2200205Ia 4500
001 - CONTROL NUMBER
control field 71643
008 - FIXED-LENGTH DATA ELEMENTS--GENERAL INFORMATION
fixed length control field 160401s9999 xx 000 0 und d
020 ## - INTERNATIONAL STANDARD BOOK NUMBER
International Standard Book Number 9781462515974
040 ## - CATALOGING SOURCE
Transcribing agency PK-LaUMT
082 ## - DEWEY DECIMAL CLASSIFICATION NUMBER
Classification number 616.89156
Item number WIL-C
100 ## - MAIN ENTRY--PERSONAL NAME
Personal name Williams, Lee
245 ## - TITLE STATEMENT
Title Clinician's guide to research methods in family therapy
Remainder of title foundations of evidence-based practice
Statement of responsibility, etc Williams, Lee|Patterson, JoEllen|Edwards, Todd M.
260 ## - PUBLICATION, DISTRIBUTION, ETC. (IMPRINT)
Place of publication, distribution, etc New York,USA:
Name of publisher, distributor, etc The Guilford Press,
Date of publication, distribution, etc 2014
300 ## - PHYSICAL DESCRIPTION
Extent 298 p.
546 ## - LANGUAGE NOTE
Language note EN
650 ## - SUBJECT ADDED ENTRY--TOPICAL TERM
Topical term or geographic name as entry element Family psychotheraphy-Methodology
700 ## - ADDED ENTRY--PERSONAL NAME
Personal name Edwards, Todd M.
700 ## - ADDED ENTRY--PERSONAL NAME
Personal name Patterson, JoEllen
942 ## - ADDED ENTRY ELEMENTS (KOHA)
Koha item type Books
Holdings
Withdrawn status Lost status Damaged status Not for loan Home library Current library Date acquired Total Checkouts Full call number Barcode Date last seen Price effective from Koha item type
        UMT Main Campus UMT Main Campus 2016-04-01   616.89156 WIL-C 98090 2016-04-01 2016-04-01 Books